| 000 | 00737nam a2200205 i 4500 | ||
|---|---|---|---|
| 001 | 187110 | ||
| 003 | SpMaBN | ||
| 005 | 20230906222823.0 | ||
| 008 | 170418s1952 sp f |||| | spa d | ||
| 080 | _a94(468.2) | ||
| 100 | 1 |
_aLuna, José Carlos de. _974755 |
|
| 245 | 1 | 0 |
_aGibraltar ante las armas, la diplomacia y la política _b: trasunto compendiado de la "Historia de Gibraltar" del mismo autor / _cJosé Carlos de Luna. |
| 260 |
_aMadrid : _bPublicaciones Españolas, _c1952. |
||
| 300 |
_a63, [16] p. de lám. ; _c22 cm. |
||
| 490 | 1 | _aTemas de España ante el mundo | |
| 651 | 7 |
_aGibraltar- _xHistoria. _98744 |
|
| 830 | 0 |
_aTemas de España ante el mundo _9192740 |
|
| 852 |
_aES-MaACL _jL-31432 |
||
| 999 |
_c187110 _d187110 |
||